000 00685nam a22002417a 4500
003 UA-OsUOA
001 47711
007 ta
008 20120727b un ||||| |||| 00| 0 ukr d
100 _aЦвіркунов В.
090 _a82
_bЦ28
942 _cBK
040 _aUA-OsUOA
_bukr
_cUA-OsUOA
_dUA-OsUOA
245 _aСюжет. Деякі питання теорії.
300 _a238 с.
955 _a1
041 _aukr
080 _a82
260 _aК.
_c1963
650 7 _a82 Література. Літературознавство
_2UDC
999 _c427816
_d427816